[Event "Antalya op"]
[Site "Antalya"]
[Date "2011.01.15"]
[Round "6"]
[White "Baskaya, Mehmet Cetin"]
[Black "Durmaz, Ayca Fatma"]
[Result "0-1"]
[WhiteElo "1743"]
[BlackElo "1832"]
[PlyCount "54"]
[EventDate "2011.01.08"]
[EventType "swiss"]
[EventRounds "9"]
[EventCountry "TUR"]
[SourceTitle "EXT 2012"]
[Source "ChessBase"]
[SourceDate "2011.11.24"]
[SourceVersion "1"]
[SourceVersionDate "2011.11.24"]
[SourceQuality "1"]

1. e4 c5 2. Nf3 d6 3. d4 cxd4 4. Nxd4 Nf6 5. Nc3 a6 6. Bg5 e6 7. Be2 Be7 8. 0-0 0-0 9. Qd2 b5 10. a3 Bb7 11. Bf3 Qc7 12. Rfd1 h6 13. Bh4 Nxe4 14. Bxe4 Bxh4 15. Bxb7 Qxb7 16. Nf3 Be7 17. Qe3 Nc6 18. Ne4 d5 19. Nc5 Qa7 20. b4 Bxc5 21. bxc5 Rac8 22. Rd3 Ne7 23. Nd4 Qxc5 24. Qh3 Nc6 25. Nxe6 fxe6 26. Qxe6+ Kh8 27. Rxd5 Qxf2+ 0-1

[Event "Antalya op"]
[Site "Antalya"]
[Date "2011.01.09"]
[Round "4"]
[White "Gulenoglu, Suha"]
[Black "Baskaya, Mehmet Cetin"]
[Result "0-1"]
[WhiteElo "1463"]
[BlackElo "1743"]
[PlyCount "128"]
[EventDate "2011.01.08"]
[EventType "swiss"]
[EventRounds "9"]
[EventCountry "TUR"]
[SourceTitle "EXT 2012"]
[Source "ChessBase"]
[SourceDate "2011.11.24"]
[SourceVersion "1"]
[SourceVersionDate "2011.11.24"]
[SourceQuality "1"]

1. d4 f5 2. c4 e6 3. Nf3 Nf6 4. Nc3 c6 5. e3 Be7 6. Bd3 0-0 7. Qc2 d5 8. cxd5 cxd5 9. Nd2 Nc6 10. a3 a6 11. 0-0 Ne4 12. f3 Nxc3 13. bxc3 Bd6 14. f4 h6 15. a4 g5 16. Rf3 g4 17. Rg3 Kf7 18. Nf1 h5 19. e4 fxe4 20. Bxe4 dxe4 21. Qxe4 Qf6 22. Qh7+ Ke8 23. Qxh5+ Ke7 24. Rxg4 Nxd4 25. f5 Ne2+ 26. Kh1 Nxc1 27. Rxc1 Qxf5 28. Rg7+ Rf7 29. Qxf5 exf5 30. Rg8 Rf8 31. Rg7+ Kf6 32. Rh7 Kg6 33. Rh4 Be6 34. Rb1 Rab8 35. Rb6 Rfd8 36. Rd4 Bc5 37. Rxe6+ Kf7 38. Rxd8 Rxd8 39. Re1 Rd3 40. Rb1 b6 41. Rc1 Kg6 42. g3 Rf3 43. Nd2 Re3 44. Nb3 a5 45. Nxc5 bxc5 46. Kg1 Re2 47. Rb1 Ra2 48. Rb5 Rxa4 49. Rxc5 Ra2 50. Kf1 a4 51. Ke1 Rxh2 52. Ra5 Rg2 53. Ra8 a3 54. Rxa3 Rxg3 55. Kf2 f4 56. Ra6+ Kf5 57. c4 Rc3 58. Ra5+ Ke4 59. Ra4 Rc2+ 60. Kf1 Kf3 61. Ra3+ Kg4 62. Ra4 Kg3 63. Ra3+ f3 64. Ra4 Rc1# 0-1

[Event "Antalya op"]
[Site "Antalya"]
[Date "2011.01.08"]
[Round "1"]
[White "Baskaya, Mehmet Cetin"]
[Black "Arat, Ufuk Sezen"]
[Result "0-1"]
[WhiteElo "1743"]
[BlackElo "2028"]
[PlyCount "102"]
[EventDate "2011.01.08"]
[EventType "swiss"]
[EventRounds "9"]
[EventCountry "TUR"]
[SourceTitle "EXT 2012"]
[Source "ChessBase"]
[SourceDate "2011.11.24"]
[SourceVersion "1"]
[SourceVersionDate "2011.11.24"]
[SourceQuality "1"]

1. e4 c5 2. Nf3 d6 3. d4 cxd4 4. Nxd4 Nf6 5. Nc3 g6 6. Be2 Bg7 7. Be3 0-0 8. h3 Nc6 9. Qd2 Bd7 10. Nb3 Rc8 11. Bh6 Ne5 12. Bxg7 Kxg7 13. 0-0-0 Be6 14. f4 Nc4 15. Qd4 Na5 16. g4 Bxb3 17. cxb3 Qb6 18. Qxb6 axb6 19. Kb1 Rfd8 20. g5 Ne8 21. Nd5 e6 22. Nxb6 Rc6 23. Nc4 Rc5 24. Nxd6 Nxd6 25. b4 Rcc8 26. bxa5 Nxe4 27. Rxd8 Rxd8 28. Rd1 Ra8 29. a6 Nc5 30. axb7 Nxb7 31. Bf3 Rb8 32. Bxb7 Rxb7 33. Rd4 f6 34. h4 h6 35. Re4 hxg5 36. hxg5 fxg5 37. fxg5 Kf7 38. a4 Ke7 39. b4 Kd6 40. Kc2 Kd5 41. Kd3 Rh7 42. Re3 Rh4 43. a5 Rxb4 44. a6 Rb6 45. a7 Ra6 46. Ke2 Rxa7 47. Kf3 e5 48. Rb3 Ke6 49. Ke2 Kf5 50. Rg3 Ra2+ 51. Kf3 e4+ 0-1

[Event "Antalya op"]
[Site "Antalya"]
[Date "2011.01.08"]
[Round "2"]
[White "Gulebay, Tolga Mert"]
[Black "Baskaya, Mehmet Cetin"]
[Result "0-1"]
[WhiteElo "1500"]
[BlackElo "1743"]
[PlyCount "80"]
[EventDate "2011.01.08"]
[EventType "swiss"]
[EventRounds "9"]
[EventCountry "TUR"]
[SourceTitle "EXT 2012"]
[Source "ChessBase"]
[SourceDate "2011.11.24"]
[SourceVersion "1"]
[SourceVersionDate "2011.11.24"]
[SourceQuality "1"]

1. e4 e6 2. d4 d5 3. Nc3 c5 4. dxc5 d4 5. Nce2 Bxc5 6. Nf3 Nc6 7. g3 Nf6 8. Bg5 Qa5+ 9. Bd2 Qb6 10. Rb1 Nxe4 11. Qc1 d3 12. Nc3 Nxf2 13. Rg1 dxc2 14. Qxc2 Nb4 15. Qb3 Nfd3+ 16. Bxd3 Nxd3+ 17. Ke2 Bxg1 18. Qxb6 Bxb6 19. Kxd3 0-0 20. Kc2 Bd7 21. Ne5 Rfd8 22. Rf1 f6 23. Nc4 Bc6 24. Nxb6 axb6 25. Re1 e5 26. Be3 b5 27. Bb6 Rd7 28. Ne4 Bxe4+ 29. Rxe4 Rxa2 30. Rb4 Rd5 31. Rb3 Ra6 32. Be3 Rad6 33. Kb1 Rd3 34. Rxd3 Rxd3 35. Bc1 Rd1 36. Kc2 Rh1 37. h4 Rg1 38. Bd2 Rxg3 39. Bc3 Rh3 40. Kb3 Rxh4 0-1